| 000 | 00492nam a2200169Ia 4500 | ||
|---|---|---|---|
| 003 | SGT | ||
| 020 | _a9780070634145 | ||
| 082 |
_a4.6 _bFOR |
||
| 100 | _aForouzan,Behrouz | ||
| 245 | _aData communication and networking | ||
| 250 | _a4th . . Ed. | ||
| 260 |
_bTata McGraw Hill Education Private Limited _aNew Delhi _c2006 |
||
| 300 | _a1134p. | ||
| 650 | _aCOMPUTER SCIENCE | ||
| 653 | _aDATA COMMUNICATIONS, NETWORKS,THE INTERNET,PROTOCOLS AND STANDARDS, KEY TERMS | ||
| 942 |
_2ddc _cBK _0108 |
||
| 999 |
_c5164 _d5164 |
||